Pays qui contiennent la lettre EE+ - Statistiques

Statistiques générales
  • Ce quiz a été pris 182 fois
  • Le résultat moyen est 34 sur 53
Statistiques - réponses
Indice Pays % Correct
2 x E Espagne
86%
2 x E Mexique
81%
4 x E Nouvelle-Zélande
81%
3 x E Érythrée
79%
2 x E Estonie
79%
2 x E Argentine
78%
4 x E République Démocratique du Congo
78%
2 x E Arabie Saoudite
75%
2 x E Guinée
75%
2 x E République du Congo
74%
2 x E Éthiopie
73%
2 x E Algérie
72%
2 x E Émirats Arabes Unis
72%
4 x E Guinée Équatoriale
72%
3 x E Venezuela
71%
2 x E Corée du Sud
70%
2 x E Égypte
70%
2 x E Grèce
70%
4 x E République Centrafricaine
70%
4 x E République Tchèque
70%
2 x E Allemagne
69%
2 x E Guinée-Bissau
69%
3 x E République Dominicaine
69%
2 x E Corée du Nord
68%
5 x E Papouasie-Nouvelle-Guinée
68%
2 x E Lettonie
67%
2 x E Suède
66%
2 x E Arménie
64%
2 x E Serbie
64%
2 x E Belgique
63%
2 x E Norvège
63%
2 x E Sénégal
63%
4 x E Bosnie-Herzégovine
61%
4 x E Saint-Christophe-et-Niévès
61%
2 x E Biélorussie
60%
2 x E Équateur
60%
7 x E États Fédérés de Micronésie
60%
2 x E Géorgie
60%
3 x E Liechtenstein
60%
5 x E Saint-Vincent-et-les-Grenadines
60%
2 x E Slovénie
60%
2 x E Indonésie
58%
2 x E Sainte-Lucie
58%
3 x E Seychelles
57%
2 x E Belize
54%
2 x E Yémen
54%
2 x E Côte d'Ivoire
53%
2 x E Macédoine du Nord
52%
3 x E Sao Tomé-et-Principe
47%
2 x E Monténégro
46%
2 x E Grenade
45%
3 x E Sierra Leone
45%
2 x E Trinité-et-Tobago
41%
Aucun quiz correspondant
Distribution des résultats
% des personnes avec chaque résultat
Percentile par nombre de réponses
Votre historique - résultats
Vous n’avez pas pris ce quiz